000 00555nam a2200205Ia 4500
003 OSt
005 20230415090024.0
008 210423s2005 xx 000 0 und d
020 _a415314453
040 _cAL
041 _aeng
082 _a820
_223
_b WOOJ
100 _aWOOLF (Judith).
_988577
245 _aRoutledge study guides writing about literature.
260 _aLondon
_bRegal Publications
_c2005
300 _axi,172
_bPB
365 _b295
_cINR
906 _aabout ; guides ; literature. ; Routledge ; study ; writing
942 _2ddc
_cBK
999 _c157490
_d157490